000 00527nam a2200217 a 4500
005 20210219153315.0
008 991125n 000 0 eng u
035 _aUPN01000090646
100 _aCHARLES, Don C.
222 _aTHE EDUCATIONAL FORUM
245 _aThe older learner
300 _a227-233
362 _a1971 35, no. 2 jan.
653 0 _aAPRENDIZAJE
653 0 _aINTELIGENCIA
653 0 _aMEMORIA
653 0 _aPRUEBAS
653 0 _aRENDIMIENTO ACADEMICO
904 _aAC
_b028457
905 _aArticulo
999 _c73669
_d73669